Prenoms de compositeur de musique classique - Statistiques

Statistiques générales
  • Ce quiz a été pris 1 026 fois
  • Le résultat moyen est 25 sur 75
Statistiques - réponses
Hint Réponse % Correct
Beethoven Ludwig
89%
Bach Johann Sebastian
88%
Chopin Frederic
81%
Mozart Wolfgang Amadeus
79%
Debussy Claude
76%
Saint-Saens Camille
73%
Berlioz Hector
73%
Ravel Maurice
73%
Liszt Franz
68%
Wagner Richard
66%
Vivaldi Antonio
64%
Dvorak Anton
59%
Satie Erik
58%
Schubert Franz
58%
Brahms Johannes
58%
Bartok Bela
55%
Stravinsky Igor
55%
Mahler Gustav
54%
Haydn Joseph
53%
Faure Gabriel
52%
Gershwin George
52%
Schumann Robert
50%
Lully Jean-Baptiste
49%
Orff Carl
46%
Verdi Giuseppe
41%
Mendelssohn Felix
40%
Dukas Paul
39%
Grieg Edvard
38%
Purcell Henry
38%
Cage John
37%
Britten Benjamin
36%
Prokofiev Sergei
36%
Poulenc Francis
34%
Rameau Jean-Philippe
34%
Messiaen Olivier
31%
Sibelius Jean
30%
Albeniz Isaac
28%
Adams John
27%
Tchaikovski Piotr Ilitch
27%
Rachmaninov Sergei
27%
Paganini Niccolo
26%
Moussorgski Modest
25%
Monteverdi Claudio
24%
Berg Alban
22%
Haendel Georg Friedrich
22%
Puccini Giacomo
22%
Bruckner Anton
21%
Borodine Alexandre
19%
Honegger Arthur
19%
Pärt Arvo
18%
Rimski Korsakov Nikolai
18%
Reich Steve
17%
Schoenberg Arnold
16%
Bruch Max
16%
Khatchatourian Aram
15%
Varese Edgar
14%
Scriabine Alexandre
13%
Enescu George
12%
Janacek Leos
12%
Corelli Arcangelo
11%
Smetana Bedrich
11%
Ives Charles
11%
Rossini Gioachino
11%
Xenakis Iannis
11%
Kodaly Zoltan
9%
Ligeti Gyorgy
8%
Henry Pierre
8%
Stockhausen Karlheinz
7%
Sor Fernando
6%
Tarrega Francisco
4%
Lutoslawski Witold
3%
Mosolov Alexandre
2%
Barrios Augustin
2%
Cramer Johan Baptist
2%
Porumbescu Ciprian
1%
Aucun quiz correspondant
Distribution des résultats
% des personnes avec chaque résultat
Percentile par nombre de réponses
Votre historique - résultats
Vous n’avez pas pris ce quiz